Řízení vědeckotechnického rozvoje v socialistické ekonomice

Guardado en:
Detalles Bibliográficos
Autor principal: Gürlich, Josef
Formato: Libro
Lenguaje:checo
Publicado: Praha Ústředí vědeckých, technických a ekonomických informací 1987
Etiquetas: Agregar Etiqueta
Sin Etiquetas, Sea el primero en etiquetar este registro!

MARC

LEADER 00000nam a2200000 4500
001 c032306
005 20251204103051.1
041 0 |a cze 
044 |a CZ 
245 1 0 |a Řízení vědeckotechnického rozvoje v socialistické ekonomice  |c Josef Gürlich 
264 1 |a Praha  |b Ústředí vědeckých, technických a ekonomických informací  |c 1987 
300 |a 95 s. 
100 1 |a Gürlich, Josef